000
00272nam a22000977a 4500
008
230522b |||||||| |||| 00| 0 eng d
020
_a
9789351950691
100
_a
Meyer Joyce
_9
7366
245
_a
Battlefield of the Mind
260
_a
Manipal
_b
Manipal Technologies Limited
_c
2015
999
_c
12306
_d
12306